Normal view
MARC view
- الحسن،احسان محمد/فاضل عباس الحسب
Entry Personal Name
001 - CONTROL NUMBER
- control field: 38353
003 - CONTROL NUMBER IDENTIFIER
- control field: JO-AjAnu
005 - DATE AND TIME OF LATEST TRANSACTION
- control field: 20230606080404.0
008 - FIXED-LENGTH DATA ELEMENTS
- fixed length control field: 230606|| aca||aabn | a|a d
040 ## - CATALOGING SOURCE
- Original cataloging agency: JO-AjAnu
- Transcribing agency: JO-AjAnu
100 ## - HEADING--PERSONAL NAME
- Personal name: الحسن،احسان محمد/فاضل عباس الحسب
670 ## - SOURCE DATA FOUND
- Source citation: Work cat.: (JO-AjAnu)19675: الحسن،احسان محمد/فاضل عباس الحسب, author, الموارد البشرية